1676 1781 1796 1729 1236 1710 1929 1053 1128 1402 1397 1272 1839 1900 1607 1833 1515 1063 1864 1225 1672 1260 1020 1629 1039 1822 1480 1985 1400 1896 1461 1289 1342 1285 1144 1305 1445 1417 1878 1615 1075 1354 1531 1875 1223 1938 1499 1660 1579 1046 1456 1539 1917 1367 1000 1712 1419 1632 1404 1881 1276 1311 1044 1617 1917 1345 1015 1273 1839 1727 1623 1916 1503 1993 1052 1534 1691 1105 1817 1358 1387 1105 1587 1334 1018 1265 1499 1684 1727 1909 1548 1109 1289 1974 1937 1839 1035 1726 1322 BCNSPRNW ULIB Ver.6.0+V

เปลี่ยนเป็นภาษาไทย

Change to English
 แสดงรายละเอียดบรรณานุกรม
  กลับหน้าหลัก

Brief Record : Get Marc (ISO 2709) : E-mail record : QR code < ปิดหน้าต่าง
LEADER : 00000nam 2200000uu 4500
001    13399121484
003     ULIB
008    121121s2552||||th 000 0 tha d
020    ^a9786165120081
050  0  ^aTT896.5^bศ855ส
100  0  ^aเศรษฐพงศ์ อัปมะเย.
245  1  ^aสนุกกับการปั้นดินน้ำมัน /^cเศรษฐพงศ์ อัปมะเย.
250    ^aพิมพ์ครั้งที่ 1.
260    ^aกรุงเทพฯ :^bวาดศิลป,^c2552.
300    ^a64 หน้า :^bภาพประกอบ ;^c26 ซม.
500    ^aโครงการหนังสือวิชาชีพธุรกิจ.
650    7 ^aการปั้น.
650    7 ^aหัตถกรรม.
650    7 ^aประติมากรรมรูปสัตว์.
850    ^aมบ.
945    ^p160^l0^i16867
995    ^aวิภา
999    ^aวิภา
รายการนี้ยังไม่มีแท็ก
คุณยังไม่ได้ล็อกอิน คุณสามารถมีกิจกรรมร่วมกับเว็บไซต์ได้ แต่ต้องล็อกอินก่อน ::
  ล็อกอิน

รายการสื่อสารสนเทศ

ลำดับที่ ประเภท เลขเรียก/บาร์โค้ด สถานที่ สถานะ
1. วิทยาศาสตร์การแพทย์ และสุขภาพ
วิทยาศาสตร์การแพทย์ และสุขภาพ
TT896.5 ศ855ส  
  Barcode: 16867
ห้องสมุดวิทยาเขตสวรรค์ประชารักษ์
►หนังสือทั่วไป
บนชั้น

BibComment


ยังไม่เคยถูกคอมเมนท์

คอมเมนท์ทรัพยากรรายการนี้
  คอมเมนท์: สนุกกับการปั้น..


 Copyright 2026. Bcnsprnw @Library